Billie Eilish...or Olivia Rodrigo - Statistics

General Stats
  • This quiz has been taken 2,233 times
  • The average score is 27 of 30
Answer Stats
Hint Answer % Correct
BIRDS OF A FEATHER Billie Eilish
95%
WILDFLOWER Billie Eilish
95%
Therefore I Am Billie Eilish
94%
ocean eyes Billie Eilish
94%
idontwannabeyouanymore Billie Eilish
94%
When The Party's Over Billie Eilish
94%
You Should See Me In A Crown Billie Eilish
94%
deja vu Olivia Rodrigo
94%
vampire Olivia Rodrigo
94%
good 4 u Olivia Rodrigo
94%
TV Billie Eilish
93%
bury a friend Billie Eilish
93%
traitor Olivia Rodrigo
93%
brutal Olivia Rodrigo
93%
teenage dream Olivia Rodrigo
93%
Happier Than Ever Billie Eilish
92%
ballad of a homeschooled girl Olivia Rodrigo
92%
Listen Before I Go Billie Eilish
91%
the grudge Olivia Rodrigo
91%
obsessed Olivia Rodrigo
91%
Your Power Billie Eilish
90%
Getting Older Billie Eilish
90%
making the bed Olivia Rodrigo
90%
scared of my guitar Olivia Rodrigo
90%
enough for you Olivia Rodrigo
90%
logical Olivia Rodrigo
90%
hope ur ok Olivia Rodrigo
90%
Lost Cause Billie Eilish
89%
Everything I Wanted Billie Eilish
86%
stranger Olivia Rodrigo
79%
No matching quizzes found
Score Distribution
Percent of People with Each Score
Percentile by Number Answered
Your Score History
You have not taken this quiz